| 000 | 01003cam a2200181 4500 | ||
|---|---|---|---|
| 001 | ##L135526 | ||
| 008 | 061106n 000 0 eng u | ||
| 035 | _a(Sirsi) u135526 | ||
| 041 | 0 | _aeng | |
| 110 | 1 |
_aUnited Kingdom _bDepartment for Education and Skills _95006 |
|
| 245 | 0 | 0 | _aBuilding schools for the future |
| 520 | _aWebsite of government investment initiative to rebuild or renew all secondary schools in England over a 10-15 year period. Includes details of Building Schools for the Future (BSF) projects, BSF documents, news releases, and relevant web links. Also provides access to the BSF knowledge portal, available to local education authorities and their partners actively involved in a BSF project. | ||
| 650 | 2 | 4 | _aDFES BUILDING SCHOOLS FOR THE FUTURE |
| 651 | 4 |
_aEngland _y886- |
|
| 690 | _aBUILT ENVIRONMENT-BUILDING TYPES-EDUCATIONAL, SCIENTIFIC AND INFORMATION FACILITIES | ||
| 856 | 4 | 0 |
_uhttps://www.bsf.gov.uk _zView the website free of charge at www.bsf.gov.uk... |
| 942 | _n0 | ||
| 999 |
_c106087 _d106087 |
||